| 000 | 01462nam a2200373 a 4500 | ||
|---|---|---|---|
| 001 | ebr10135309 | ||
| 003 | CaPaEBR | ||
| 006 | m u | ||
| 007 | cr cn||||||||| | ||
| 008 | 040809s2002 onca sb 000 0aeng | ||
| 010 | _z 2004444557 | ||
| 016 | _z20029032989 | ||
| 020 | _z0889204179 (pbk.) | ||
| 040 |
_aCaPaEBR _cCaPaEBR |
||
| 035 | _a(OCoLC)560145001 | ||
| 050 | 1 | 4 |
_aHV6570 _b.D65 2002eb |
| 082 | 0 | 4 |
_a362.76/4/092 _aB _222 |
| 100 | 1 |
_aDominic, Magie, _d1944- |
|
| 245 | 1 | 4 |
_aThe Queen of Peace room _h[electronic resource] / _cMagie Dominic. |
| 260 |
_aWaterloo, Ont. : _bWilfrid Laurier University Press, _cc2002. |
||
| 300 |
_axiii, 114 p. : _bill. |
||
| 490 | 1 | _aLife writing series | |
| 504 | _aIncludes bibliographical references. | ||
| 533 |
_aElectronic reproduction. _bPalo Alto, Calif. : _cebrary, _d2013. _nAvailable via World Wide Web. _nAccess may be limited to ebrary affiliated libraries. |
||
| 600 | 1 | 0 |
_aDominic, Magie, _d1944- |
| 650 | 0 |
_aAdult child sexual abuse victims _vBiography. |
|
| 650 | 0 |
_aWomen _xViolence against _vCase studies. |
|
| 650 | 6 |
_aEnfants victimes d'abus sexuels devenus adultes _vBiographies. |
|
| 650 | 6 |
_aViolence contre les femmes _vBiographies. |
|
| 655 | 7 |
_aElectronic books. _2local |
|
| 710 | 2 | _aebrary, Inc. | |
| 830 | 0 | _aLife writing series. | |
| 856 | 4 | 0 |
_uhttp://site.ebrary.com/lib/rucke/Doc?id=10135309 _zAn electronic book accessible through the World Wide Web; click to view |
| 999 |
_c187503 _d187503 |
||